00609 a2200169 4500003000400000005001700004008004100021040000900062082001700071100003500088245009200123260002500215300001000240942004000250952013200290999001700422OSt20240823101716.0231018b |||||||| |||| 00| 0 eng d coclc a492.7bJAM/C aJamali, A Basheer Ahmed 94603 aA Comparison of Arabic English Syntax ( an applied study) /cDr. A Basheer Ahmed Jamali aKozhikode:bArabnet, a343 p 2ddccBKh492.7iJAM/Ck492.7mJAM/C 00102ddc40708LANGUAGEaMESbMEScARBd2023-10-18l0o492.7 JAM/Cp42928r2023-10-18 12:16:01v140.00w2023-10-18yBKzGR4R1 c42690d42690